| 000 | 00554nam a22001817a 4500 | ||
|---|---|---|---|
| 003 | OSt | ||
| 005 | 20140310182239.0 | ||
| 008 | 121116t xxu||||| |||| 00| 0 eng d | ||
| 020 | _a0440862310 | ||
| 050 |
_aPZ 7 _b.W746 1995 |
||
| 082 |
_aFIC _bW63 1987 |
||
| 100 |
_aWilson, Jacqueline _918912 |
||
| 245 |
_aGlubbslyme / _cJacqueline Wilson ; illustrated by Jane Cope ; cover illustration by Nick Sharratt |
||
| 260 |
_aGreat Britain : _bTransworld Publishers, _cc1995. |
||
| 300 |
_a171 p. : _bill. ; _c19 cm |
||
| 942 |
_2lcc _cBK-FIC |
||
| 999 |
_c11095 _d11095 |
||